Statistics for The 80 Best-Directed Films (Directors Guild of America)

Click here to take the quiz!

General Stats

  • This quiz has been taken 948 times
  • The average score is 36 of 80

Answer Stats

HintAnswer% Correct
1972The Godfather
95%
1941Citizen Kane
81%
1974The Godfather: Part II
81%
1939Gone With the Wind
80%
1942Casablanca
76%
1993Schindler’s List
75%
1977Star Wars: Episode IV — A New Hope
73%
1990Goodfellas
72%
1994Pulp Fiction
68%
1979Apocalypse Now
67%
1960Psycho
67%
1997Titanic
67%
1975Jaws
66%
1976Taxi Driver
64%
1982E.T. The Extra-Terrestrial
61%
1994Forrest Gump
61%
1958Vertigo
61%
19682001: A Space Odyssey
58%
1980Raging Bull
58%
1998Saving Private Ryan
58%
1975One Flew Over the Cuckoo’s Nest
57%
1939The Wizard of Oz
57%
1971A Clockwork Orange
56%
1980The Shining
56%
1962Lawrence of Arabia
55%
1954Rear Window
55%
1991The Silence of the Lambs
54%
1981Raiders of the Lost Ark
52%
1959Ben-Hur
51%
1994The Shawshank Redemption
51%
1979Alien
49%
2009Avatar
48%
1977Annie Hall
47%
1974Chinatown
47%
1959North by Northwest
47%
1954On the Waterfront
47%
1976Rocky
47%
1960The Apartment
46%
1946It’s a Wonderful Life
45%
1964Dr. Strangelove or: How I Learned to Stop Worrying and Love the Bomb
44%
1954Seven Samurai
44%
1978The Deer Hunter
44%
1984Amadeus
43%
1967The Graduate
43%
1965The Sound of Music
42%
1959Some Like it Hot
41%
1973The Sting
41%
1992Unforgiven
40%
1950Sunset Boulevard
39%
1957The Bridge on the River Kwai
39%
1950All About Eve
38%
1982Blade Runner
38%
1961West Side Story
38%
1952Singin’ in the Rain
36%
2014Birdman or (The Unexpected Virtue of Ignorance)
35%
1996Fargo
34%
1975Barry Lyndon
33%
19638 ½
32%
2007There Will Be Blood
32%
1982Gandhi
31%
1968Once Upon a Time in the West
31%
1956The Searchers
30%
1962To Kill A Mockingbird
30%
2008The Hurt Locker
29%
1976Network
28%
1949The Third Man
27%
1984Once Upon a Time in America
26%
1950Rashomon
26%
1995The Usual Suspects
23%
1946The Best Years of Our Lives
21%
1940The Grapes of Wrath
21%
1976All the President’s Men
20%
1948The Treasure of the Sierra Madre
20%
1965Doctor Zhivago
19%
1958Touch of Evil
16%
1969The Wild Bunch
14%
1988Cinema Paradiso
13%
1985Brazil
11%
1948The Bicycle Thief
11%
1970The Conformist
6%

Score Distribution

Percentile by Number Answered

Percent of People with Each Score

Your Score History

You have not taken this quiz